From hukawng valley to nam phake village (Record no. 3373)

MARC details
000 -LEADER
fixed length control field 00542cam a2200193ua 4500
001 - CONTROL NUMBER
control field 3534
005 - DATE AND TIME OF LATEST TRANSACTION
control field 20260515113709.0
008 - FIXED-LENGTH DATA ELEMENTS--GENERAL INFORMATION
fixed length control field 111121n ii |||gr||||Z||||||asm
040 ## - CATALOGING SOURCE
Transcribing agency MAIN
082 ## - DEWEY DECIMAL CLASSIFICATION NUMBER
Classification number 305.89591
100 ## - MAIN ENTRY--PERSONAL NAME
Personal name Weingken, Ngi Yot,
Relator term Author.
245 11 - TITLE STATEMENT
Title From hukawng valley to nam phake village
Statement of responsibility, etc. by Ngi yot Weingken
250 ## - EDITION STATEMENT
Edition statement 1st.
260 ## - PUBLICATION, DISTRIBUTION, ETC.
Place of publication, distribution, etc. Naharkatiya:
Name of publisher, distributor, etc. Tai phake prakashan parishad,
Date of publication, distribution, etc. 2004.
300 ## - PHYSICAL DESCRIPTION
Extent 54p:
Other physical details ill;
Dimensions 23cm.
653 ## - INDEX TERM--UNCONTROLLED
Uncontrolled term Assamese
653 ## - INDEX TERM--UNCONTROLLED
Uncontrolled term From hukawng valley to nam phake village
942 ## - ADDED ENTRY ELEMENTS (KOHA)
Koha item type Books
Holdings
Withdrawn status Lost status Damaged status Not for loan Home library Current library Shelving location Date acquired Total checkouts Full call number Barcode Date last seen Date last checked out Copy number Price effective from Koha item type
        Naharkatiya College Library Naharkatiya College Library General stacks 09/19/2020 1 305.89591 | WEI 18760 01/03/2022 12/28/2021 1 09/19/2020 Books